000 00962nam a22002777a 4500
001 7858
003 FISKH
005 20250812102017.0
008 250812b cb ||||| |||| 00| 0 eng d
020 _a9780439907071
040 _aFISKH
_beng
_cFISKH
_dFISKH
050 _aPZ7
082 _a535
100 _aDavid, Erica
245 _aThe backyardigans the traveler's tale /
_cby Erica David ; Illustrated by Dave Aikins
260 _aNew York :
_bScholastic,
_c2007.
300 _a27 pages :
_bcolor illustrations ;
_c20 cm
505 _aG
520 _aWith the help of Uniqua the Tree Charmer, Pablo, Master of Storms, and Carpet Pilot Austin, Storyteller Tyrone crosses the desert in time to recount their adventures in the Arabian All-Star Talent Show.
521 8 _a380
_bLexile estimate
521 8 _aG
_bRaz-Plus
650 _aFriendship
_vAdventure
700 _aAikins, Dave
_eillustrator
942 _2ddc
_cBK
_n0
999 _c7858
_d7858